000 00507cam a22001457a 4500
008 180718b1967 xxu||||| |||| 00| 0 eng d
082 _aF51x5401 D85
100 _aDua, R.P.
245 _aSocial factors in the birth and growth of the Indian National Congress movement: with reference to the period leading to 1885 till 1905
_cby R.P. Dua
260 _aDelhi
_bChand
_c1967
300 _a163p.
650 _aIndia --Social policy
650 _aIndia --Social conditions
650 _aIndian National Congress
999 _c364514
_d364514